Announcer's Test Quiz Stats

 Plays Quiz not verified by Sporcle

Score 0/81 Timer 09:00
0 Plays Today
% Correct
the
91.4%
a
91.4%
and
91.4%
the
91.4%
the
91.4%
the
91.4%
the
91.4%
the
91.4%
the
91.4%
of
65.7%
of
65.7%
of
65.7%
of
65.7%
of
65.7%
of
65.7%
in
62.9%
on
62.9%
One
57.1%
from
54.3%
at
54.3%
Two
51.4%
Three
48.6%
hen
45.7%
ducks
45.7%
Four
45.7%
Five
45.7%
Six
45.7%
% Correct
Ten
45.7%
who
45.7%
geese
42.9%
oysters
42.9%
porpoises
42.9%
pair
42.9%
Seven
42.9%
Eight
42.9%
Nine
42.9%
men
42.9%
with
42.9%
same
42.9%
time
42.9%
squawking
40%
limerick
40%
corpulent
40%
tweezers
40%
thousand
40%
full
40%
battle
40%
array
40%
brass
40%
monkeys
40%
ancient
40%
sacred
40%
crypts
40%
Egypt
40%
% Correct
sympathetic
40%
diabetic
40%
old
40%
roller
40%
skates
40%
sloth
40%
denizens
40%
deep
40%
all
40%
Don
37.1%
Alverzo's
37.1%
Macedonians
37.1%
apathetic
37.1%
propensity
37.1%
toward
37.1%
procrastination
37.1%
lyrical
37.1%
spherical
37.1%
diabolical
37.1%
around
37.1%
corner
37.1%
marked
34.3%
stall
34.3%
quo
34.3%
quay
34.3%
quivery
34.3%
hall
31.4%

You're not logged in!

Compare scores with friends on all Sporcle quizzes.
OR
Log In

Show Comments

Extras

Created Oct 27, 2010ReportNominate
Tags:announcer, test

Top Quizzes Today


Score Distribution

Your Account Isn't Verified!

In order to create a playlist on Sporcle, you need to verify the email address you used during registration. Go to your Sporcle Settings to finish the process.

Report this User

Report this user for behavior that violates our Community Guidelines.

Details: